| 000 | 00583nam a22002057a 4500 | ||
|---|---|---|---|
| 003 | OSt | ||
| 005 | 20140310182214.0 | ||
| 008 | 130906t xxu||||| |||| 00| 0 eng d | ||
| 020 | _a0071211314 | ||
| 050 |
_aPE 1 _b.W721 2002 |
||
| 082 |
_aHS 425 _bW67 2002 |
||
| 100 |
_aWilliams, Ivor; _916945 |
||
| 245 |
_aGreen light : student book one _c/ Ivor Williams |
||
| 250 | _a1st edition | ||
| 260 |
_aNew York : _bMcGraw-Hill, _cc2002. |
||
| 300 |
_a146 p. : _bcol.; ill. ; _c27 cm. |
||
| 651 |
_aEnglish language proficiency. _916946 |
||
| 942 |
_2lcc _cHS |
||
| 999 |
_c10552 _d10552 |
||